Datum a čas kvízu
35.5
Celkem bodů
Celkový počet nahraných bodů na tomto kvízu bez doplňovacích otázek.
5.
Pořadí na kvízu
Konečné umístění týmu na tomto kvízu.
Zaznamenané odpovědi
| # | Otázka | Odpověď | Body | Výsledky |
|---|---|---|---|---|
| 1. | Minulý týden navštívil Pražský... | v Polsku, Karol Nawrocki | 0 | |
| 2. | K oslavám Díkůvzdání, které pr... | milost (život) | 1 | |
| 3. | Minulý týden proběhlo vyhlášen... | Jan Špaček | 0 | |
| 4. | Minulý týden jsme se dozvěděli... | Five Guys | 1 | |
| 5. | V pondělní dohrávce 12. kola P... | inzultoval spoluhráče (udeřil jej/vlepil mu facku) | 0 | |
| 6. | Seřaďte tyto ostrovy dle rozlo... | 1C 2A 3D 4B | 0 | |
| 7. | Nyní přiřaďte ostrovy ke států... | 1B 2A 3C 4D | 1 | |
| 8. | Kterému ostrovnímu středomořsk... | Kypr | 1 | |
| 9. | Nyní si odskočíme ke kinematog... | Řek Zorba, Anthony Quinn | 0.5 | |
| 10. | Ke kterému středomořskému ostr... | Elba | 1 |